Ambedkar's vision and education of weaker sections (Record no. 11684)

MARC details
000 -LEADER
fixed length control field 00735 a2200241 4500
001 - CONTROL NUMBER
control field 138949
003 - CONTROL NUMBER IDENTIFIER
control field OSt
005 - DATE AND TIME OF LATEST TRANSACTION
control field 20210928172402.0
008 - FIXED-LENGTH DATA ELEMENTS--GENERAL INFORMATION
fixed length control field
020 ## - INTERNATIONAL STANDARD BOOK NUMBER
International Standard Book Number 817827082X
082 ## - DEWEY DECIMAL CLASSIFICATION NUMBER
Classification number 320.92
Item number V59A
100 ## - MAIN ENTRY--PERSONAL NAME
Personal name Ambedkar's vision and education of weaker sections
245 1# - TITLE STATEMENT
Title Ambedkar's vision and education of weaker sections
Statement of responsibility, etc edited by D.K. Verma and A. Sohrot
260 ## - PUBLICATION, DISTRIBUTION, ETC. (IMPRINT)
Place of publication, distribution, etc New Delhi
Name of publisher, distributor, etc Manak Publications
Date of publication, distribution, etc 2004
300 ## - PHYSICAL DESCRIPTION
Extent 199p.
630 ## - SUBJECT ADDED ENTRY--UNIFORM TITLE
Uniform title Social Work
630 ## - SUBJECT ADDED ENTRY--UNIFORM TITLE
Uniform title Scheduled tribes in India-Education
630 ## - SUBJECT ADDED ENTRY--UNIFORM TITLE
Uniform title Ambedkar, B. R. (Bhimrao Ramji), 1891-1956
630 ## - SUBJECT ADDED ENTRY--UNIFORM TITLE
Uniform title Dalits-Education
700 ## - ADDED ENTRY--PERSONAL NAME
Personal name Verma, D.K
Relator term editor
700 ## - ADDED ENTRY--PERSONAL NAME
Personal name Sohrot, A ed.
942 ## - ADDED ENTRY ELEMENTS (KOHA)
Source of classification or shelving scheme Dewey Decimal Classification
Koha item type Books
Holdings
Withdrawn status Lost status Source of classification or shelving scheme Damaged status Not for loan Collection code Home library Current library Date acquired Source of acquisition Cost, normal purchase price Full call number Barcode Date last seen Price effective from Koha item type
    Dewey Decimal Classification     General Text Book Central University Of Rajasthan Central University Of Rajasthan 12/03/2014 SCW 0.00 320.92 V59A 14621 21/11/2024 02/09/2020 Books